000 00863nam a2200241Ia 4500
003 OSt
005 20220923224033.0
006 a|||||r|||| 00| 0
007 ta
008 220922b |||||||| |||| 00| 0 hin d
024 _a224,348
037 _cTextual
040 _aARTS
_cARTS
_bhin
041 _2hin
_ahin
082 _aO152,6M65x, P3
100 _aशिशिर, कर्मेन्दु, संपा.
245 0 _aराधामोहन गोकुल की प्रतिनिधि रचनाएॅं
246 _aRādhāmohan gokul kī pratinidhi rachanāeॅan
260 _aहापुड़
_b संभावना प्रकाशन
_c2003
300 _a255पृ.
_ccm.
942 _hO152,6M65x, P3
_cTEXL
_2CC
999 _c368790
_d368790